Statistics for Guess The Lyrics #29

Click here to take the quiz!

General Stats

  • This quiz has been taken 472 times
  • The average score is 114 of 232

Answer Stats

% Correct
a
99%
I,
99%
I
99%
you
96%
you,
96%
the
93%
to
86%
and
84%
And
84%
We
81%
do
80%
me
80%
be
79%
Your
77%
it
76%
on
75%
No,
72%
no
72%
my
71%
That
69%
that
69%
want
67%
can't
62%
Can't
62%
this,
62%
this
62%
what
61%
she
60%
there
57%
I'm
56%
could
55%
know
55%
all
54%
Like
51%
should
49%
with
47%
Take
45%
take
45%
baby,
42%
baby
42%
now
42%
day
39%
just
39%
say
39%
night,
38%
our
38%
said
38%
I've
37%
feel
36%
been
35%
here
35%
time
34%
down
33%
Got
32%
way
32%
place
31%
tell
31%
Yeah,
30%
yeah
30%
back
29%
right
29%
face
28%
'Cause
25%
bad
24%
home
24%
home,
24%
That's
24%
those
23%
without
21%
Wanna
20%
wanna
20%
same
19%
ain't
16%
hands
16%
thinking
16%
hope
14%
Slow
13%
slow
13%
Slow,
13%
alone
12%
chance
10%
show
10%
'bout
9%
leaving
9%
already
8%
dripping
8%
sweat
8%
dirty
7%
laundry
7%
stopping
7%
plans
6%
puttin'
4%
Fingertips
3%

Score Distribution

Percentile by Number Answered

Percent of People with Each Score

Your Score History

You have not taken this quiz